000
00330nam a22001457a 4500
008
221103b ||||| |||| 00| 0 eng d
020
_a
9780470547816
041
_a
eng
080
_2
second edition
_a
339
082
_a
339
100
_a
23
101
_a
mar
245
_a
THE NEW RULES OF MARKETING
_c
SCOBLE R
942
_2
udc
_c
BK
999
_c
58723
_d
58723